000 00569nam a2200205 i 4500
001 99369
003 ES-MaACL
005 20230906182503.0
007 t|
008 050907s1964 sp ||||1| spa d
100 1 _aMartín Vigil, José Luis.
_977676
245 1 0 _aObras completas /
_cJosé Luis Martín Vigil.
250 _a[1ª ed.].
260 _aBarcelona :
_bJuventud,
_c1964.
300 _a2 v. ;
_c18 cm.
490 1 _aClásicos y modernos
830 0 _aClásicos y modernos
_9184526
852 _aES-MaACL
_jC-27240-1
_bR.56400
999 _c99369
_d99369